Chargement en cours...
Design Patterns in Java
| Auteur principal: | |
|---|---|
| Format: | Printed Book |
| Publié: |
South Asia
Pearson Education
2007
|
| Édition: | 2nd |
| Sujets: |
| LEADER | 00499nam a22001577a 4500 | ||
|---|---|---|---|
| 020 | |a 9788131713082 | ||
| 082 | |a 005.133 |b MET/D | ||
| 100 | |a Metsker,Steven John | ||
| 245 | |a Design Patterns in Java | ||
| 250 | |a 2nd | ||
| 260 | |a South Asia |b Pearson Education |c 2007 | ||
| 300 | |a xiv,461p. | ||
| 650 | |a Computer Science |a Java | ||
| 942 | |c BK | ||
| 999 | |c 35923 |d 35923 | ||
| 952 | |0 0 |1 0 |4 0 |6 005_133000000000000_METD |7 0 |8 Stack |9 38013 |a KUCL |b KUCL |c Stack |d 2015-11-16 |l 0 |o 005.133 MET/D |p 35373 |r 2015-11-16 |w 2015-11-16 |y BK | ||